000 01045cam a2200325 a 4500
001 4277670
003 SISC
005 20160314095438.0
008 850522s1985 nyu 000 0 eng
010 _a 85011843
020 _a0394331559
_c$11.95
040 _aDLC
_cDLC
_dDLC
050 0 0 _aPE 1417
_b.F157 1985
082 0 0 _aHS 808.0427
_b F14 1985
100 _aFahnestock, Jeanne
_914975
245 0 0 _aReadings in argument /
_c[compiled by] Jeanne Fahnestock, Marie Secor.
250 _a1st ed.
260 _aNew York :
_bRandom House,
_cc1985.
300 _a 654 p. ;
_c22 cm.
562 _eFor circulation. One copy available in the collection.
650 0 _aCollege readers.
_91718
650 0 _aReport writing
_xProblems, exercises, etc.
_914976
650 0 _aEnglish language
_xRhetoric.
_914977
650 0 _aPersuasion (Rhetoric)
_914978
700 1 _aFahnestock, Jeanne,
_d1945-
_914979
700 1 _aSecor, Marie,
_d1939-
_914980
906 _a7
_bcbc
_corignew
_d1
_eocip
_f19
_gy-gencatlg
942 _2lcc
_cBK
999 _c9883
_d9883